| 000 | 00000nas 2200000zi 4500 |
| 001 | 9.902560 |
| 003 | CaOODSP |
| 005 | 20230907083930 |
| 006 | m o d f |
| 007 | cr cn||||||||| |
| 008 | 210816d20202020oncwn p o |||f0 |0fre| |
| 022 | |a2370-960X |
| 040 | |aCaOODSP|bfre|erda|cCaOODSP |
| 043 | |an-cn--- |
| 086 | 1 |aHP58-1F-PDF |
| 130 | 0 |aSurveillance de l'influenza (Hebdomadaire : 2020) |
| 222 | 0|aSurveillance de l'influenza |b(Hebdomadaire. 2020) |
| 245 | 10|aSurveillance de l'influenza. |
| 264 | 1|a[Ottawa] : |bAgence de la santé publique du Canada = Public Health Agency of Canada, |c[2020] |
| 310 | |aHebdomadaire (irrégulier) |
| 336 | |atexte|btxt|2rdacontent/fre |
| 337 | |ainformatique|bc|2rdamedia/fre |
| 338 | |aressource en ligne|bcr|2rdacarrier/fre |
| 362 | 1 |aParaît depuis : du 5 avril au 9 mai 2020; ne paraît plus après : du 18 au 24 octobre 2020. |
| 500 | |aPublié aussi en anglais sous le titre : FluWatch. |
| 588 | |aDescription d'après : du 5 avril au 9 mai 2020. |
| 588 | |aDernière livraison consultée : du 18 au 24 octobre 2020. |
| 650 | 6|aGrippe|zCanada|vPériodiques. |
| 655 | 7|aPériodiques|2rvmgf |
| 710 | 2 |aAgence de santé publique du Canada, |eorganisme de publication. |
| 775 | 08|tFluWatch.|w(CaOODSP)9.507424 |
| 780 | 00|tFluWatch.|w(CaOODSP)9.902411 |
| 785 | 00|tÉpiGrippe.|w(CaOODSP)9.902424 |